000 00909cam a22002418i 4500
999 _c58755
_d58755
001 21729424
005 20221107101728.0
006 m |o d |
007 cr |||||||||||
008 200923s2021 nju o 001 0 eng
020 _a9781119700807x
041 _ggeo
080 _a005.8 V-52
100 1 _aVerzuh, Eric,
_914413
245 1 4 _aThe fast forward MBA in project management :
_bthe comprehensive, easy-to-read handbook for beginners and pros /
_cEric Verzuh.
250 _aSixth edition.
264 1 _aHoboken, New Jersey :
_bWiley,
_c.2021.
300 _a522 p.:
_b23 cm.
653 _aᲞროექტის მენეჯმენტი
653 _aმენეჯმენტი
776 0 8 _iPrint version:
_aVerzuh, Eric.
_tThe fast forward MBA in project management
_bSixth edition.
_dHoboken, New Jersey : Wiley, [2021]
_z9781119700760
_w(DLC) 2020043716
942 _2udc
_cBK